000 00674cam a2200217 a 4500
020 _a0471578843 (acidfree paper)
040 _cDLC
082 0 0 _a338 WIL 1995 A073 Or.
100 1 _aLundberg, Donald E.
245 1 0 _aTourism economics /
260 _aNew York :
_bWiley,
_cc1995.
300 _ax, 196 p. :
_bill. ;
_c25 cm.
500 _aIncludes index
650 0 _aTourism.
700 1 _aKrishnamoorthy, M.
700 1 _aStavenga, Mink H.
856 4 2 _uhttp://www.loc.gov/catdir/bios/wiley042/94020598.html
856 4 2 _uhttp://www.loc.gov/catdir/description/wiley033/94020598.html
856 4 _uhttp://www.loc.gov/catdir/toc/onix04/94020598.html
942 _cEK
999 _c15180
_d15180